000
00254nam a2200109Ia 4500
008
220204s9999 xx 000 0 und d
082
_a
82-3
_b
HAI
100
_a
Hailey, Arthur
245
4
_a
The Final diagnosis
260
_a
London
_b
Pan
_c
1978
942
_c
BK
999
_c
32902
_d
32902